[Event "Biel"]
[Site "Biel"]
[Date "1992.??.??"]
[Round "5"]
[White "Shirov, Alexei"]
[Black "Georgiev, Kiril"]
[Result "0-1"]
[WhiteElo "2710"]
[BlackElo "2610"]
[Annotator "Ftacnik,L"]
[PlyCount "82"]
[EventDate "1992.07.??"]
[EventType "tourn"]
[EventRounds "14"]
[EventCountry "SUI"]
[EventCategory "16"]
[SourceTitle "CBM 031"]
[Source "ChessBase"]
[SourceDate "1992.12.01"]
[SourceVersion "1"]
[SourceVersionDate "1992.12.01"]
[SourceQuality "1"]

1. d4 {Kortschnoj} Nf6 2. c4 e6 3. Nc3 Bb4 4. f3 d5 5. a3 Bxc3+ 6. bxc3 c5 7.
cxd5 Nxd5 8. Qd3 b6 $5 9. e4 Ba6 10. Qd2 Bxf1 11. Kxf1 Ne7 12. Ne2 Nbc6 13.
dxc5 Qc8 (13... Qxd2 14. Bxd2 bxc5 15. Be3 (15. c4 Ne5 16. Be3 Rc8 $13) 15...
c4 16. Kf2) 14. Qe3 (14. c4 $5 O-O 15. Bb2 Rd8 16. Qc3 e5 17. Nf4 Nd4 18. Nd5
Qxc5 19. Qb4 Nec6 20. Qxc5 bxc5 21. Kf2 Rab8 $13) 14... O-O 15. cxb6 Rd8 16.
Kf2 axb6 17. Rb1 (17. Qxb6 Ne5 $1 $40 18. Be3 Rb8 19. Qa7 N7c6 20. Qa4 Nd3+ 21.
Kg3 (21. Kf1 Rb2) 21... Qc7+ 22. f4 Rb2 23. Nd4 Nxd4 24. cxd4 Qc3 25. Kf3 Rf2+
26. Kg3 Nb2 $19) 17... Ne5 18. Qxb6 Qc4 19. Be3 Nd3+ 20. Kg3 (20. Kf1 Nc6 21.
Qb5 (21. Qb3 Qa6 22. Qb5 Rdb8 $1) 21... Qxb5 (21... Qa2 22. Qb3 Rxa3 23. Qxa2
Rxa2 $36) 22. Rxb5 Rxa3 23. Rb1 Nce5 $36) 20... f5 $1 21. Bg5 Rd7 22. Nd4 f4+
23. Kh4 (23. Bxf4 Nxf4 24. Kxf4 e5+ 25. Kxe5 Ng6+ 26. Kf5 Qf7+ 27. Kg4 Qf4+ $19
) 23... Ng6+ 24. Kh5 Nf8 25. Qc6 Qa2 $1 26. Rhg1 (26. Qxa8 Qxg2 27. Rbg1 (27.
h4 h6 28. Rbg1 g6+ 29. Kxh6 Rh7#) 27... Qh3+ 28. Bh4 g6+ 29. Kg5 h6+) 26... e5
27. Qxa8 (27. Nb3 Re8 (27... Rb8 28. Qc4+ (28. Nd2 Rxb1 29. Nxb1 Qf7+ 30. Kh4
Ng6+ $19) 28... Kh8 29. Nd2 Qxc4 30. Nxc4 Rxb1 31. Rxb1 h6 32. Bh4 $13) 28.
Qc4+ Kh8 29. Na5 Qf2 30. Rbf1 Qb6 $19) 27... Qf7+ 28. Kh4 h6 29. g4 (29. Bd8
g5+ 30. Bxg5 hxg5+ 31. Kxg5 Qg6+ 32. Kh4 Rh7#) 29... hxg5+ 30. Kh3 exd4 31.
cxd4 Nf2+ 32. Kg2 Qa2 33. Qb8 (33. Rb8 Nxg4+ 34. Kh3 Nf2+ 35. Kg2 Nxe4+ 36. Kh1
Nf2+ 37. Kg2 Rf7 $19) 33... Nd3+ 34. Kh1 Qe2 35. Rgf1 Rxd4 36. Qb3+ Kh7 37. Qb5
Rd6 38. h4 (38. Qxg5 Rh6 39. h4 Nf2+ 40. Rxf2 Qxf2 $19) 38... Ng6 39. Qxg5 Nxh4
40. Qxh4+ Rh6 41. Qxh6+ Kxh6 {Ftacnik,L} 0-1

[Event "Biel"]
[Site "Biel"]
[Date "1992.??.??"]
[Round "12"]
[White "Georgiev, Kiril"]
[Black "Shirov, Alexei"]
[Result "1-0"]
[WhiteElo "2610"]
[BlackElo "2710"]
[Annotator "Blatny,P"]
[PlyCount "45"]
[EventDate "1992.07.??"]
[EventType "tourn"]
[EventRounds "14"]
[EventCountry "SUI"]
[EventCategory "16"]
[SourceTitle "CBM 031"]
[Source "ChessBase"]
[SourceDate "1992.12.01"]
[SourceVersion "1"]
[SourceVersionDate "1992.12.01"]
[SourceQuality "1"]

1. e4 c5 2. Nf3 e6 3. d4 cxd4 4. Nxd4 Nf6 5. Nc3 Nc6 6. Ndb5 d6 (6... Bb4) 7.
Bf4 e5 8. Bg5 a6 9. Na3 Be6 $6 (9... b5 10. Nd5 Be7 11. Bxf6 Bxf6 {Sveshnikov})
10. Nc4 {/\Ne3-d5} Rc8 11. Bxf6 gxf6 (11... Qxf6 12. Nb6 Rb8 13. Ncd5 Qd8 14.
c3 {/\Bc4,b4,a4 -><<} Be7 15. Bc4 O-O 16. O-O Bg5 17. a4 Kh8 18. Qe2 $16 {
Karpov-Nunn, France 1982}) 12. Ne3 Bh6 13. Bd3 (13. Ned5 Nd4 $132) 13... Bxe3 (
13... Rg8 14. O-O Ne7 15. Qf3 Ng6 16. g3 Nf4 17. Kh1 Nxd3 18. cxd3 Bxe3 19.
fxe3 Rg6 20. Rac1 b5 21. Nd5 Bxd5 22. exd5 Rc5 23. b4 Rxc1 24. Rxc1 Qd7 25. Rc6
$18 {Kosten-Ammann, Londres 1988}) 14. fxe3 {><d4} Qb6 {/^a7-g1} 15. Qc1 {
קb2,Pe3} (15. O-O $6 Qxe3+ 16. Kh1 Qg5 {/\Rg8-/+}) 15... Na5 (15... h5 16. O-O
Rh6 {/\Ne7,Kf8-g7}) 16. O-O Ke7 (16... Nc4 17. Bxc4 Rxc4 18. Rxf6 Ke7 $13) 17.
Qe1 $1 {/\Qh4-f6, /^e1-a5} h5 (17... Qxb2 $2 18. Na4 Qa3 19. Nb6 Rc6 20. Nd5+
Bxd5 21. exd5 Rc5 22. Qh4 $18) 18. b3 Qc5 $2 (18... Rxc3 $5 19. Qxc3 Qxe3+ 20.
Kh1 Nc6 21. Rae1 Qc5 $14 22. Qd2 h4) 19. Nd5+ Bxd5 20. exd5 Qxd5 $6 (20... Qc3
$8 21. Qh4 Rh6 $8 22. Rae1 {/\Re2-f2->}) 21. Rd1 Rcg8 (21... Qc5 22. b4) (21...
Qe6 22. Bf5 $18) 22. Qf2 $18 Rh6 (22... Kf8 23. Bc4 Qe4 24. Bd5 Qg6 25. b4 Nc6
26. Bxc6 bxc6 27. Rxd6 $18) 23. Bg6 (23. Bg6 Qe6 24. Bf5 $18) 1-0

[Event "Bundesliga 9899"]
[Site "Germany"]
[Date "1998.11.21"]
[Round "3.1"]
[White "Georgiev, Kiril"]
[Black "Jussupow, Artur"]
[Result "1-0"]
[WhiteElo "2675"]
[BlackElo "2630"]
[Annotator "Georgiev,Ki"]
[PlyCount "87"]
[EventDate "1998.10.17"]
[EventType "team-tourn"]
[EventRounds "15"]
[EventCountry "GER"]
[SourceTitle "GER-chT"]
[Source "ChessBase"]
[SourceDate "1999.07.01"]
[SourceVersion "1"]
[SourceVersionDate "1999.07.01"]
[SourceQuality "1"]
[WhiteTeam "Bochum"]
[BlackTeam "Solingen"]
[WhiteTeamCountry "GER"]
[BlackTeamCountry "GER"]

1. d4 Nf6 2. c4 e6 3. Nf3 d5 4. Nc3 Be7 5. Bg5 h6 6. Bh4 O-O 7. e3 b6 8. Bd3
Bb7 9. Bxf6 Bxf6 10. cxd5 exd5 11. O-O c6 (11... c5) 12. b4 (12. Qb3 {1-0
Boersma,P-Kuijpers,F/NLD-chT9495 1994/EXT 98 (27)}) 12... Re8 13. Qb3 $146 (13.
Rc1 Nd7 14. Qb3 a5 15. b5 c5 16. Nxd5 {1/2-1/2 Nielsen,J-Henrichsen,J/
Copenhagen op15 1993/EXT 99 (40)}) 13... Nd7 14. a4 (14. b5 c5 15. Nxd5 Bxd5
16. Qxd5 Ne5 17. Qxd8 Nxf3+ 18. gxf3 Raxd8 $11) 14... a5 15. bxa5 Rxa5 16. Bf5
Ra6 (16... Bc8 17. Qc2 $14) 17. Rfe1 (17. Rfd1 $5) 17... c5 $1 18. Rab1 (18.
Nxd5 Bxd5 19. Qxd5 Ne5 20. Be4 $11 (20. Qxd8 Nxf3+ 21. gxf3 Rxd8 $11)) 18... g6
19. Bh3 (19. Bxd7 Qxd7 $11) (19. Bc2 $5) 19... c4 20. Qc2 Nf8 21. g3 Bc6 {
Here my opponent offered a draw, but I refused, because I felt that file 'b'
and square 'e5' could give me some advantage. Besides Black should be afraide
all the time of the break e3-e4.} 22. Bg2 Ne6 23. h4 Nc7 (23... h5 24. Nd2 Qd6
$13) 24. Kh2 Qd7 (24... Bd7 25. Bh3 $14) (24... Qd6 $142 25. Rb2 Rea8 26. Reb1
Bxa4 (26... Bd7 27. Bh3 Bxh3 28. Kxh3 h5 29. Kg2 $16) (26... Rxa4 27. Nxa4 (27.
Rxb6 $11) 27... Bxa4 28. Qc1 b5 29. Bf1 Rb8 30. Qe1 Be7 $13) 27. Nxa4 Rxa4 28.
Rxb6 Qe7 29. R1b2 $1 $14) 25. Rb4 Kg7 $2 (25... Rea8 $142 26. Reb1 Bxa4 27.
Nxa4 Rxa4 28. Rxb6 $16) 26. Reb1 Rb8 $2 (26... Rea8 27. Rxb6 Rxb6 28. Rxb6 Bxa4
29. Nxa4 Rxa4 30. Bh3 Qe8 31. h5 $40) 27. Ne5 $1 Bxe5 28. dxe5 Qe7 29. f4 Qc5 {
Initialy I thouht to play 30.Qd2, but when I penetrated deeply in the position
I discovered the idea Nc3-e4 (-d6), followed by Rxc4} 30. Qc1 $3 Rba8 (30... b5
31. Qd2 $16) 31. Ne4 $1 Qe7 32. Nd6 Bxa4 33. Rxb6 Bb3 34. Rb7 R6a7 35. Rxa7
Rxa7 36. Nc8 Qa3 37. Nxa7 Qxa7 38. Ra1 Qc5 39. Rb1 Ne6 40. Qc3 d4 41. exd4 Nxd4
42. e6 Kf8 (42... fxe6 43. Rxb3 $18) 43. Rxb3 Nxb3 44. Qf6 1-0

[Event "Poikovsky Karpov 02nd"]
[Site "Poikovsky"]
[Date "2001.05.05"]
[Round "5"]
[White "Georgiev, Kiril"]
[Black "Zvjaginsev, Vadim"]
[Result "1-0"]
[WhiteElo "2676"]
[BlackElo "2627"]
[PlyCount "55"]
[EventDate "2001.05.05"]
[EventType "tourn"]
[EventRounds "9"]
[EventCountry "RUS"]
[EventCategory "15"]
[SourceTitle "CBM 084"]
[Source "ChessBase"]
[SourceDate "2001.09.13"]
[SourceVersion "1"]
[SourceVersionDate "2001.09.13"]
[SourceQuality "1"]

1. d4 Nf6 2. c4 e6 3. Nf3 d5 4. Nc3 Be7 5. Qc2 dxc4 6. e4 Nc6 7. e5 Nb4 8. Qb1
Nfd5 9. Bxc4 Nxc3 10. bxc3 Nd5 11. Bd2 c5 12. Qe4 Bd7 13. O-O Bc6 14. Qg4 g6
15. a4 Qc7 16. Ng5 a6 17. Rfe1 Rd8 18. Qf3 Bxg5 19. Bxg5 Rd7 20. dxc5 h6 21.
Qh3 h5 22. a5 h4 23. g4 Qb8 24. Rab1 Qc7 25. Ra1 Qb8 26. Qf3 h3 27. Bxd5 Bxd5
28. Qf6 1-0

[Event "Sarajevo Bosnia 31st"]
[Site "Sarajevo"]
[Date "2001.05.14"]
[Round "2"]
[White "Movsesian, Sergei"]
[Black "Georgiev, Kiril"]
[Result "0-1"]
[WhiteElo "2661"]
[BlackElo "2676"]
[Annotator "Kostakiev,D"]
[PlyCount "106"]
[EventDate "2001.05.13"]
[EventType "tourn"]
[EventRounds "9"]
[EventCountry "BIH"]
[EventCategory "16"]
[SourceTitle "CBM 084"]
[Source "ChessBase"]
[SourceDate "2001.09.13"]
[SourceVersion "1"]
[SourceVersionDate "2001.09.13"]
[SourceQuality "1"]

1. e4 c5 2. Nf3 d6 3. d4 cxd4 4. Nxd4 Nf6 5. Nc3 e6 6. Be2 a6 7. O-O Be7 8. f4
Qc7 9. a4 Nc6 10. Be3 O-O 11. Kh1 Re8 12. Bg1 Rb8 (12... Bd7) 13. Qd3 (13. Bf3
Bd7 14. Nb3 b6 15. g4 {1-0 Sokolov,A-Kasparov,G/Reykjavik 1988/CBM 10 (44)}) (
13. Qd2 e5 14. Nb3 Na5 15. Nxa5 {1/2-1/2 Karpov,A-Kasparov,G/Moscow 1985/
MainBase (37)}) 13... Nxd4 (13... e5 $1 {Dorfman} 14. Nxc6 (14. fxe5 dxe5 15.
Nf5 Bxf5 16. Rxf5 Nd4 $10 (16... Nd4 17. Bxd4 exd4 18. Qxd4 Bd6 19. Nd5 {
0-1 Moroz,A-Nechaev,A/Donetsk 1998/CBM 68 (64)})) 14... Qxc6 $10) (13... Bf8
14. Qg3 Nd7 15. Bd3 Nxd4 16. Bxd4 b6 17. e5 dxe5 18. fxe5 g6 19. Nd5 {1-0
Dobrev,I-Ermenkov,E/Elenite 1986/EXT 97 (82)}) 14. Bxd4 (14. Qxd4 e5 15. Qd3
exf4 16. Rxf4 Be6 17. Raf1 Rbc8 18. Bd4 Nd7 19. Qg3 Ne5 {1/2-1/2 Stavrev,
N-Papaioannou,I/Mangalia 1992/EXT 97 (37)}) 14... e5 15. Ba7 Ra8 16. Bg1 (16.
Be3 exf4 17. Bxf4 Be6 18. Rad1 Red8 19. Qg3 Ne8 20. Bd3 (20. e5 dxe5 21. Bxe5
Bd6 22. Rxd6 {0-1 Kudrin,S-Arnason,J/Bor 1984/MCD (29)}) 20... Bf6 21. Nd5 Bxd5
22. exd5 Bxb2 23. c3 Qxc3 24. Bg5 Qc7 25. Qh4 {1-0 Mokry,K-Gruenberg,H/
Polanica Zdroj 1985/MCD (30)}) 16... exf4 (16... Bd7 17. a5 $14) 17. Rxf4 d5
$146 (17... Be6 18. Raf1 Nd7 (18... Rac8 $5) 19. Nd5 Bxd5 20. Qxd5 {1-0
Belikov,V-Akopian,V/Moscow 1992/CBM 33/[Dorfman] (66)}) 18. Raf1 $11 dxe4 19.
Nxe4 Nxe4 20. Rxe4 Be6 21. Bd4 Rad8 22. c3 Bc5 23. Bf3 Bxd4 24. Rxd4 Rxd4 25.
Qxd4 Bc4 26. Ra1 b6 27. h3 g6 28. Rd1 b5 29. axb5 axb5 30. Ra1 h5 31. Qd2 Qe5
32. Ra8 Rxa8 33. Bxa8 Kg7 34. Bf3 h4 35. Kg1 g5 36. Kf2 Qg3+ 37. Kg1 Qe5 38.
Kf2 Kg6 39. Qe3 Kf6 40. Qxe5+ Kxe5 41. g3 (41. Ke3 f5 42. Bc6 g4) 41... hxg3+
42. Kxg3 f5 {[#]} 43. h4 $4 (43. Bc6) 43... gxh4+ $19 44. Kxh4 Kf4 45. Bc6 Ke3
46. b3 Be2 47. c4 b4 48. c5 f4 49. Bd7 f3 50. c6 f2 51. c7 f1=Q 52. c8=Q Qf4+
53. Bg4 Qxg4+ 0-1

[Event "SCG-chT"]
[Site "Budva"]
[Date "2004.09.18"]
[Round "10.1"]
[White "Georgiev, Kiril"]
[Black "Rublevsky, Sergei"]
[Result "1-0"]
[WhiteElo "2626"]
[BlackElo "2686"]
[Annotator "Kostakiev,D"]
[PlyCount "95"]
[EventDate "2004.09.08"]
[EventType "team"]
[EventRounds "11"]
[EventCountry "YUG"]
[SourceTitle "CBM 102 Extra"]
[Source "ChessBase"]
[SourceDate "2004.11.03"]
[SourceVersion "1"]
[SourceVersionDate "2004.11.03"]
[SourceQuality "1"]
[WhiteTeam "04"]
[BlackTeam "03"]
[WhiteTeamCountry "YUG"]
[BlackTeamCountry "YUG"]

{This game give us two lessons of the grandmaster's middle game technic: 1)
When the change Bf1 on Nc6 is optimistic. 2) How to play against weak Pc6 and
Pa6.} 1. d4 d5 2. Nf3 e6 3. c4 dxc4 4. e3 c5 5. Bxc4 a6 $5 {Blackburn 1902} 6.
O-O ({By the way it is curious to remember how dealed with this position our
great predecessors:} 6. a4 Nf6 7. Nc3 cxd4 8. exd4 Nc6 9. O-O Be7 10. Bg5 (10.
Bf4 O-O 11. Re1 Qa5 12. Ne5 Rd8 {0-1 Marshall,F-Rubinstein,A/Warsaw 1908/HCL 
(48)}) (10. Be3 O-O 11. h3 (11. Rc1 Nb4 12. Ne5 Nfd5 13. Qf3 f6 14. Nd3 Nxd3 {
1/2-1/2 Alekhine,A-Tartakower,S/Paris 1925/HCL (56)}) 11... Qa5 12. Qb3 Qb4 13.
Qa2 {1/2-1/2 Saemisch,F-Tartakower,S/Baden-Baden 1925/HCL (60)}) 10... Qa5 11.
Qd2 O-O 12. Rad1 Rd8 13. Rfe1 h6 14. Bf4 Bb4 15. Qc2 Nd5 16. Bd2 Bd7 17. Ba2
Nf6 18. Bb1 Rac8 19. Qd3 Bxc3 (19... Ne7 $142 $15) 20. bxc3 Qxa4 21. Bf4 Ne7
22. Ne5 Be8 $11 {1-0 Pillsbury,H-Blackburne,J/Hastings (England) 1902/CA (45)}
(22... Ned5 $142)) 6... Nf6 (6... b5 7. Be2 Bb7 8. a4 b4 9. Nbd2 Nf6 10. Nc4
Be7 11. dxc5 {1-0 Balla,Z-Merenyi,L/Temesvar 1912/EXT 98 (42)}) (6... Nc6 7.
Qe2 Nf6 8. a4 Be7 9. dxc5 Bxc5 10. e4 Qc7 {1/2-1/2 Vidmar,M-Euwe,M/Budapest
1940/HCL (19)}) 7. dxc5 (7. Qe2 Nbd7 8. Rd1 Qc7 9. a3 b5 10. Ba2 c4 11. e4 Be7
12. Nc3 {0-1 Horowitz,I-Fine,R/New York 1933/HCL (26)}) 7... Qxd1 8. Rxd1 Bxc5
9. Nbd2 O-O 10. Be2 Rd8 11. Ne5 (11. b3 b6 12. Bb2 Bb7 13. Rac1 Nbd7 14. Nc4 (
14. a3 Rac8 15. b4 Be7 {1/2-1/2 Tunik,G-Makarov,M/St Petersburg 1996/CBM 56
ext (20)}) 14... Rac8 $11 {Karpov,A-Ivanchuk,V/Russia - ROW (rapid) 85/(345)
2002/Inf 85 (26)}) 11... Be7 12. Nec4 $146 (12. Bf3 Nbd7 (12... Nd5 13. Ndc4
Nd7 {1/2-1/2 Doettling,F-Stevic,H/Pula (Croatia) 2003/CA (49)}) 13. Nxd7 Nxd7
14. Nc4 {1/2-1/2 Golod,V-Kharlov,A/Rethymnon GRE 2003/The Week in Chess (41)})
({Interesting Novelety should be:} 12. b3 $5 Nd5 (12... Bb4 $2 13. Bb2 $1 Rxd2
(13... Bxd2 14. Nc4 Ne4 15. Bf3 Ng5 16. Nxd2 Nxf3+ 17. Nxf3 $14) 14. Rxd2 Bxd2
15. Rd1 Ba5 16. Nc4 Nbd7 (16... Bc7 17. Be5 $16) 17. Nxa5 $18) 13. Bb2 $14)
12... Nc6 13. Bf3 Bd7 14. Nb3 Be8 15. Bd2 Rac8 16. Nb6 Rc7 17. Rac1 Nd7 {[#]}
18. Bxc6 $1 {Typical middle game technic: Swap BxN for the sake of weak Pc6
Pa6 and the points around trhem.} (18. Ba5 Nxb6 19. Rxd8 Bxd8 20. Bxb6 Rc8 21.
Bxd8 Rxd8 22. Nc5 Rd2 23. Nxb7 Kf8 (23... Rxb2 $2 24. Nd6 $18) 24. Nc5 Rxb2 $11
) 18... Rxc6 19. Rxc6 bxc6 20. Nc4 {Instructive position showing when B and N
are more promissing than ^^} Nf6 21. Rc1 c5 22. f3 ({Merits attention:} 22. Ba5
$5 Rd3 23. Nbd2 h6 24. b3 {keeping control on d4}) 22... Bb5 23. e4 Nd7 24. Be3
h6 25. Nba5 Bf6 26. b3 Bd4 27. Bxd4 {Undeviating contestable choice. Black get
rid of the weak Pc5 but White rely on playing over the weak Pa6. This plan
will suucced until the Rc1 is the lord on the open vertical "c" and horisontal
"7".} ({Less agressive is} 27. Kf2 Rb8 28. Rd1 e5 29. Nd6 Nb6 30. Rc1 $14)
27... cxd4 28. Nd2 Ne5 29. a4 Be2 30. Rc7 {[#]} Bd1 $6 (30... Rd7 $142 $1 31.
Rc8+ Kh7 32. Kf2 (32. Ra8 Rc7 $15) 32... Bd3 $11 33. Nac4 $140 (33. Ra8 $2 Rc7
$15) 33... Bxc4 34. bxc4 (34. Nxc4 Nd3+ 35. Ke2 Nf4+ $11) 34... Nd3+ 35. Ke2
Nf4+ $132) 31. Nb7 (31. f4 $5 Nd3 32. Nc6 Ra8 33. g3 Nc5 34. a5 $16) 31... Rb8
32. Nc5 a5 33. Kf2 g5 $2 (33... Rb6 $5 34. Ra7 $140 (34. Ke1 Bc2 35. Ra7 Rc6
36. Nb7 Nd3+ $11) 34... Rc6 35. Nd7 (35. Rxa5 $2 Rxc5 36. Rxc5 Nd3+ $19) 35...
Nxd7 (35... Nd3+ 36. Kg3 e5 37. Ra8+ Kh7 38. Nf8+ Kg8 39. Nc4 $14 Bxb3 40. Nxa5
Bxa4 41. Nd7+ Kh7 42. Nxc6 Bxc6 43. Ra3 Bxd7 44. Rxd3 $14) 36. Rxd7 e5 37. Rd5
Rc2 38. Ke1 Rc1 39. Rxa5 Bxb3+ 40. Ke2 Bd1+ 41. Kf2 Rc2 $11) 34. Ke1 $18 Bc2
35. Nb7 d3 {Isolates Bc2 from the battle - Pd3 is inoffencive. He could not go
forward.} ({Actually the position is lost for Black also after} 35... Nd3+ 36.
Kf1 Kg7 37. Nxa5 $18) 36. Nxa5 $18 f5 37. Rc5 (37. Nb7 g4 38. Nc5 gxf3 39. gxf3
fxe4 40. fxe4 $18) 37... Ng6 38. e5 (38. Nc6 Rc8 39. a5 $18) 38... Nf4 39. Kf2
Nd5 40. Nc6 Rb6 41. Nd4 Nb4 42. Rb5 Rxb5 43. axb5 $1 Nd5 44. Nxe6 Kf7 45. Nd4
f4 46. Ke1 Ke7 47. Nc4 Ne3 48. b6 1-0

[Event "EU-ch 7th playoff"]
[Site "Kusadasi"]
[Date "2006.04.16"]
[Round "3.1"]
[White "Naiditsch, Arkadij"]
[Black "Georgiev, Kiril"]
[Result "0-1"]
[WhiteElo "2664"]
[BlackElo "2677"]
[PlyCount "86"]
[EventDate "2006.04.16"]
[EventType "k.o."]
[EventRounds "3"]
[EventCountry "TUR"]
[SourceTitle "CBM 111 Extra"]
[Source "ChessBase"]
[SourceDate "2006.05.09"]
[SourceVersion "1"]
[SourceVersionDate "2006.05.09"]
[SourceQuality "1"]

1. e4 e5 2. Nf3 Nc6 3. Bb5 Nf6 4. O-O Nxe4 5. d4 Nd6 6. Bg5 f6 7. dxe5 Nxb5 8.
exf6 gxf6 9. Bf4 d5 10. Qe2+ Ne7 11. Qxb5+ c6 12. Qd3 Bg7 13. Nd4 O-O 14. Nd2
Ng6 15. Bg3 f5 16. f4 c5 17. N4f3 Bxb2 18. Rae1 Bg7 19. Ne5 Nxe5 20. fxe5 Be6
21. Nf3 d4 22. Bh4 Qd5 23. Be7 Rf7 24. Bd6 Bh6 25. Kh1 Kh8 26. c4 Qc6 27. Nh4
Rg8 28. Re2 f4 29. Rc2 b6 30. Qd1 Rg4 31. Nf3 Qe4 32. Re2 Qg6 33. Qa4 Rg7 34.
Rg1 Qd3 35. Qe8+ Bg8 36. Rf2 Qxc4 37. Be7 Qe6 38. h3 Rg3 39. Qh5 Rxe7 40. Nh4
Bf7 41. Qf5 Qxe5 42. Qc8+ Re8 43. Qb7 Bd5 0-1

[Event "EU-Cup 23rd"]
[Site "Kemer"]
[Date "2007.10.06"]
[Round "4.2"]
[White "Georgiev, Kiril"]
[Black "Onischuk, Alexander"]
[Result "1-0"]
[WhiteElo "2649"]
[BlackElo "2674"]
[Annotator "Marin,M"]
[PlyCount "141"]
[EventDate "2007.10.03"]
[EventType "team-swiss"]
[EventRounds "7"]
[EventCountry "TUR"]
[SourceTitle "CBM 121"]
[Source "ChessBase"]
[SourceDate "2007.11.14"]
[SourceVersion "1"]
[SourceVersionDate "2007.11.14"]
[SourceQuality "1"]
[WhiteTeam "Alkaloid"]
[BlackTeam "Keystone"]
[WhiteTeamCountry "MKD"]
[BlackTeamCountry "ENG"]

1. d4 Nf6 2. c4 e6 3. g3 d5 4. Nf3 Be7 5. Bg2 O-O 6. O-O dxc4 7. Qc2 a6 8. Qxc4
b5 9. Qc2 Bb7 10. Bd2 Bd6 $5 {This (almost) new move was tried successfully
during the Mexico World Championship.} 11. Rd1 Nbd7 12. Ba5 Qb8 13. b4 e5 14.
Nbd2 Re8 $146 {Theoretically speaking, this is the most logical continuation.
Instead of exchanging on d4 himself, Black develops a piece, creating the
threat ...e4 and inviting White to release the tension in the centre.} ({
However, Black did quite OK with the less refined} 14... exd4 {when after} 15.
Nxd4 Bxg2 16. Kxg2 {he managed to get rid of the backward c-pawn with} c5 $132
{in the aforementioned Gelfand,B (2733)-Anand,V (2792)/Mexico City 2007/CBM
120/[Marin,M] (1/2-1/2, 20).}) 15. dxe5 (15. Rac1 e4 $132) 15... Nxe5 16. Nxe5
Rxe5 (16... Bxe5 {Drives the bishop away from the c5-square, leaving White in
a dominating position after} 17. Rac1 $14) 17. Nf3 {It appears that Black has
not achieved much by forcing the exchange on e5. White wins time to regroup
his pieces, while ...c5 remains out of the question for the time being.} Re7
18. Nd4 Bxg2 19. Kxg2 Qb7+ 20. Kg1 ({The generally desirable} 20. Qc6 $2 {
[%csl Re2] drops the e2-pawn.}) 20... Rae8 21. Rac1 Re4 {White does not have
chronic weaknesses on the kingside (at least, nothing to be compared with
Black's structural defects on the other wing), but the fact that his king is
placed there invites him to caution.} 22. Qc6 $5 {White's piece placement was
optimal, which justifies the simplifications to a minimally better endgame.} ({
Georgiev probably feared that consolidating his central knight with} 22. e3 {
would offer Black a tempo to build up his kingside attack, although it is not
easy to see how this could happen. For instance, after} h5 23. Qc6 Qc8 24. Bxc7
Bxb4 25. Bd6 Qxc6 26. Rxc6 Bxd6 27. Rxd6 {the move e3 looks slightly more
useful than ...h5 if we compare with the game continuation.}) 22... Qc8 (22...
Qxc6 23. Rxc6 Be5 24. e3 Bxd4 25. Rxd4 Rxd4 26. exd4 {offers Black some
chances to build a fortress on the light squares despite inevitably losing a
pawn. By the way, after 22.e3 h4 this course of events would have been avoided.
However, Black's position does not yet look so bad as to justify such radical
measures.}) 23. Bxc7 Bxb4 24. Bd6 Qxc6 25. Rxc6 Bxd6 26. Rxd6 {The danger of a
kingside attack has dissapeared completely and the rook's activity along the
e-file has become sterile. White's pieces are more active and Black will have
to defend his queenside pawns passively.} Ra8 (26... a5 27. Ra6 a4 28. e3 $16 {
[%csl Ra4,Rb5]}) 27. e3 Ree8 28. Rc1 $14 {Black is still far from equality.
White not only has the more active placement of his pieces, but also enjoys
the better possibilities to centralse his king, because of the shelter offered
by the central e-pawn.} Kf8 29. Kg2 Ne4 30. Rd7 Rec8 31. Ra7 Rd8 32. Rcc7 Rxa7
33. Rxa7 Nc5 34. Rc7 Ne4 35. g4 g6 36. h4 b4 37. Rc4 a5 38. Nc6 Rc8 39. Nxa5
Rxc4 40. Nxc4 Nc3 41. a3 b3 42. Kf1 Ke7 43. Ke1 Ke6 44. Kd2 Ne4+ 45. Ke2 h5 46.
f3 Nd6 47. Nb2 hxg4 48. fxg4 Ne4 49. Kd3 Nf2+ 50. Kc3 Nxg4 51. Nc4 Nh6 52. a4
Nf5 53. a5 Kd5 54. e4+ Kxe4 55. a6 Ne7 56. Nd6+ Ke5 57. a7 Nd5+ 58. Kxb3 Nc7
59. Nxf7+ Kd5 60. Ng5 Kc6 61. Ne6 Na8 62. Nf4 Kb7 63. Nxg6 Nc7 64. h5 Ne6 65.
Kc4 Kxa7 66. Kd5 Ng5 67. Ke5 Kb7 68. Kf5 Nh7 69. Nf4 Kc6 70. Kg6 Nf8+ 71. Kg7
1-0

[Event "MNT-chT"]
[Site "Herceg Novi"]
[Date "2008.08.31"]
[Round "7"]
[White "Ivanisevic, Ivan"]
[Black "Georgiev, Kiril"]
[Result "0-1"]
[WhiteElo "2664"]
[BlackElo "2671"]
[PlyCount "136"]
[EventDate "2008.08.25"]
[EventType "team-tourn"]
[EventRounds "7"]
[EventCountry "MNE"]
[SourceTitle "CBM 126 Extra"]
[Source "ChessBase"]
[SourceDate "2008.11.05"]
[SourceVersion "1"]
[SourceVersionDate "2008.11.05"]
[SourceQuality "1"]

1. d4 d5 2. c4 c6 3. Nf3 Nf6 4. Nc3 dxc4 5. a4 Bf5 6. Nh4 e6 7. Nxf5 exf5 8.
Bg5 Be7 9. e3 Ne4 10. Bxe7 Qxe7 11. Bxc4 Nd6 12. Bb3 Nd7 13. Qd3 Nf6 14. O-O
O-O 15. f3 Kh8 16. Rae1 Rae8 17. g4 fxg4 18. e4 gxf3 19. e5 Ng8 20. Rxf3 g6 21.
d5 Nf5 22. Kh1 Ngh6 23. Re4 Qg5 24. d6 Ng4 25. Qe2 Nfh6 26. e6 fxe6 27. Rxe6
Rd8 28. h3 Rxf3 29. Qxf3 Ne5 30. Qe2 Nef7 31. Ne4 Qc1+ 32. Kg2 Nf5 33. Qf2 Ng5
34. Nxg5 Qxg5+ 35. Kh2 Kg7 36. Bc2 Rxd6 37. Bxf5 Rd2 38. Re2 Rxe2 39. Qxe2 Qxf5
40. Qe7+ Qf7 41. Qe5+ Kh6 42. Qe3+ g5 43. Qxa7 Qf5 44. Kg2 Qc2+ 45. Kg3 Qxb2
46. Qe3 Qf6 47. Qe8 b6 48. Qc8 c5 49. Kg2 Qb2+ 50. Kg3 Qe5+ 51. Kg2 Qd6 52. Qg8
Qc6+ 53. Kg3 Qc7+ 54. Kg2 c4 55. Qf8+ Kg6 56. Qg8+ Kf6 57. Qd5 Qc5 58. Qd8+ Kf5
59. Qd7+ Kf4 60. Qd2+ Qe3 61. Qd6+ Ke4 62. Qe6+ Kd3 63. Qd5+ Qd4 64. Qb5 Kc2
65. Qf5+ Qd3 66. Qe6 Qd4 67. Qf5+ Kc1 68. Qxh7 Qd2+ 0-1